Digital computer fundamentals / (Record no. 182477)

000 -LEADER
fixed length control field 00819 a2200205 4500
003 - CONTROL NUMBER IDENTIFIER
control field Nust
005 - DATE AND TIME OF LATEST TRANSACTION
control field 20221206111159.0
010 ## - LIBRARY OF CONGRESS CONTROL NUMBER
LC control number 84010054
020 ## - INTERNATIONAL STANDARD BOOK NUMBER
International Standard Book Number 0070038996
040 ## - CATALOGING SOURCE
Transcribing agency Nust
082 00 - DEWEY DECIMAL CLASSIFICATION NUMBER
Classification number 621.3819,BAR
100 1# - MAIN ENTRY--PERSONAL NAME
Personal name Bartee, Thomas C.
9 (RLIN) 25765
245 10 - TITLE STATEMENT
Title Digital computer fundamentals /
Statement of responsibility, etc. Thomas C. Bartee.
250 ## - EDITION STATEMENT
Edition statement 6th ed.
260 ## - PUBLICATION, DISTRIBUTION, ETC.
Place of publication, distribution, etc. New York :
Name of publisher, distributor, etc. McGraw-Hill,
Date of publication, distribution, etc. c1985.
300 ## - PHYSICAL DESCRIPTION
Extent xii, 610 p. :
Other physical details ill. ;
Dimensions 25 cm.
505 ## - FORMATTED CONTENTS NOTE
Formatted contents note Computer Operation (Page-1), Boolean Algebra and Gate Networks (Page-59), Logic Design (Page-136), The Arithmetic-Logic Unit (Page-193), The Memory Element (Page-261), Input-Output Devices (Page-323), Buses and Interfaces (Page-379), The Control Unit (Page-421), Computer Organization (Page-455).
650 #0 - SUBJECT ADDED ENTRY--TOPICAL TERM
Topical term or geographic name entry element Telecommunication Engineering.
942 ## - ADDED ENTRY ELEMENTS (KOHA)
Source of classification or shelving scheme
Koha item type Book
Holdings
Withdrawn status Lost status Source of classification or shelving scheme Damaged status Not for loan Permanent Location Current Location Shelving location Date acquired Full call number Barcode Date last seen Price effective from Koha item type Public note
          Military College of Signals (MCS) Military College of Signals (MCS) General Stacks 12/12/2016 621.3819,BAR MCS30281 12/08/2016 12/12/2016 Book Almirah No.34, Shelf No.6
© 2023 Central Library, National University of Sciences and Technology. All Rights Reserved.